| 000 | 01890nam a2200469 i 4500 | ||
|---|---|---|---|
| 001 | DIGCSIC0678 | ||
| 003 | NyNyDIG | ||
| 007 | cr ||||||||||| | ||
| 008 | 230524s2022 sp a ob 000 0 spa d | ||
| 006 | m o d | ||
| 035 | _a(OCoLC)1380643551 | ||
| 040 |
_aDGITA _beng _erda _epn _cDGITA |
||
| 020 |
_a9788400110925 _qeBook |
||
| 020 | _z9788400110918 | ||
| 024 | 7 |
_a833-22-181-2 _qeNIPO _2nipo |
|
| 024 | 7 |
_z833-22-180-7 _2nipo |
|
| 043 | _ae-sp--- | ||
| 050 | 1 | 4 | _aJN8209 ebook |
| 100 | 1 |
_aVillalta Luna, Alfonso, _eauthor. |
|
| 245 | 1 | 0 |
_aTragedia en tres actos : _blos juicios sumarísimos del franquismo / _cAlfonso M. Villalta Luna. |
| 264 | 1 |
_aMadrid : _bConsejo Superior de Investigaciones Científicas, _c2022. |
|
| 300 |
_a1 online resource : _bcolor illustrations. |
||
| 336 |
_atext _btxt _2rdacontent |
||
| 337 |
_acomputer _bc _2rdamedia |
||
| 338 |
_aonline resource _bcr _2rdacarrier |
||
| 347 |
_atext file _2rdaft |
||
| 347 | _bPDF | ||
| 490 | 1 |
_aDe acá y de allá. Fuentes etnográficas ; _vno. 25 |
|
| 504 | _aIncludes bibliographical references. | ||
| 588 | 0 | _aOnline resource; title from PDF title page (Digitalia, viewed May 24, 2023) | |
| 650 | 0 |
_aPolitical persecution _zSpain _xHistory _y20th century. |
|
| 650 | 0 |
_aVictims of state-sponsored terrorism _zSpain _xHistory _y20th century. |
|
| 650 | 0 |
_aJustice, Administration of _zSpain _xHistory _y20th century. |
|
| 650 | 0 | _aFrancoism. | |
| 791 | 2 |
_aDigitalia (Firm), _edistributor. |
|
| 793 | 0 |
_gDigitalia eBook Collection: _aEditorial CSIC |
|
| 776 | 0 | 8 |
_iPrint version: _aVillalta Luna, Alfonso. _tTragedia en tres actos. _dMadrid : Consejo Superior de Investigaciones Científicas, 2022 _z9788400110918 |
| 830 | 0 |
_aDe acá y de allá ; _vno 25. |
|
| 856 | 4 | 0 |
_3Digitalia Hispánica _uhttps://www.digitaliapublishing.com/a/126907/ |
| 910 | _aPremium collection: 2023 | ||
| 942 | _cRAA | ||
| 999 |
_c278260 _d278260 |
||